000 00424nam a2200181Ia 4500
001 13015
005 20260306163022.0
008 260306t2000||||xx |||||||||||||| ||spa||
041 _aESP
082 _aRD 657.03
_bK72
100 _aKohler, Eric l.
_eAUT
245 0 _aDiccionario para contadores
260 _c2000
300 _a717 páginas :
_c18 cm.
650 _aGEN
654 _aCCO
942 _cDIC
_dJUS
_fJUS
_2ddc
_n
999 _c13015
_d13015